000 01028nam a2200241 i 4500
001 157230
003 ES-MaACL
005 20250801093105.0
008 931025s1800 sp |||| | spa d
100 1 _aLatassa y Ortin, Félix de.
_970515
245 1 0 _aBiblioteca nueva de los escritores aragoneses
_b: que florecieron desde el año de 1689 hasta el de 1753 /
_csu autor el doctor Don Felix de Latassa y Ortin ... ; tomo IV.
260 _aEn Pamplona :
_ben la oficina de Joaquin de Domingo ...,
_c1800.
300 _a658 p. ;
_c4º.
596 _aMarca de imp. en port.
597 _aSign.: A-Z\p4\s, 2A-2Z\p4\s, 3A-3Z\p4\s, 4A-4N\p4\s, 4O\p1\s.
650 0 _aLiteratura española-
_zAragón-
_xBibliografía
_9233447
650 0 _aEscritores aragoneses
_9234111
651 4 _aAragón-
_xBibliografía.
_9137047
700 1 _aDomingo, Joaquín de,
_eimp.
_9126820
752 _aEspaña -
_dPamplona
852 _aES-MaACL
_jR-330-35
_z-- Enc. pasta española
_x Olim: C-2217-22
999 _c157230
_d157230